000 00614cam a22002293a 4500
001 11355
003 PGUSA
005 20140828083236.0
008 040201s2004||||xxu|||||s|||||000 1 eng d
040 _aPGUSA
_beng
042 _adc
050 4 _aPT
100 1 _aTimmermans, Felix,
_d1886-1947
245 1 0 _aPallieter
_h[electronic resource] /
_cFelix Timmermans
260 _bProject Gutenberg,
_c2004
506 _aPublic domain in the USA.
516 _aElectronic text
653 _aDutch fiction
830 0 _aProject Gutenberg
_v11355
856 4 0 _uhttp://www.gutenberg.org/ebooks/11355
942 _cEB
999 _c240610
_d240610